Statistics for All Portuguese Football League teams

Click here to take the quiz!

General Stats

  • This quiz has been taken 946 times
  • The average score is 33 of 71

Answer Stats

Team% Correct
FC Porto
99%
SL Benfica
99%
Sporting CP
99%
Braga
96%
Vitória de Guimarães
88%
Belenenses
82%
Boavista
81%
Vitória de Setúbal
79%
Marítimo
78%
Rio Ave
76%
Portimonense
74%
Académica
72%
Estoril Praia
72%
Nacional
71%
Santa Clara
68%
Moreirense
67%
Farense
66%
Chaves
65%
Paços de Ferreira
65%
Arouca
64%
Tondela
62%
Famalicão
60%
Gil Vicente
60%
União de Leiria
58%
Feirense
56%
Leixões
56%
Olhanense
55%
Desportivo das Aves
53%
Académico de Viseu
52%
Beira-Mar
50%
Penafiel
50%
Vizela
50%
Casa Pia
49%
Estrela da Amadora
49%
União da Madeira
49%
Varzim
48%
Sporting da Covilhã
46%
Trofense
41%
Oliveirense
40%
Alverca
39%
Atlético CP
37%
Naval 1º de Maio
34%
Salgueiros
33%
Amora
31%
Fafe
30%
Torreense
30%
Barreirense
28%
Oriental
28%
Sporting de Espinho
28%
Caldas
27%
Campomaiorense
26%
Lusitano de Évora
26%
Tirsense
26%
CUF
25%
Felgueiras
25%
Sanjoanense
25%
Leça
23%
União de Coimbra
19%
União de Tomar
19%
Académico do Porto
18%
O Elvas
18%
Seixal
17%
SL Elvas
17%
Águeda
16%
Carcavelinhos
16%
Alcobaça
15%
Riopele
15%
Lusitano de VRSA
14%
Montijo
14%
União de Lisboa
14%
Unidos de Lisboa
14%

Score Distribution

Percentile by Number Answered

Percent of People with Each Score

Your Score History

You have not taken this quiz